LEADER 01275nam a2200337 a 4500 001 000000155198 003 CaOOAMICUS 005 20161018123950.0 008 161018s2016 it u000 u ita r 020 $a978-88-430-8474-6* 032 $aLibriCat 040 $aPUL$bita 082 04$a103 100 1 $aSanna, Manuela.$0(OLS)http://pul/name/84541 245 10$aVico /$cManuela Sanna. 260 $aRoma :$bCarocci,$c©2016. 300 $a167 p. ;$c21 cm. 490 1 $aPensatori ;$v41 500 $aInclude indici. 504 $aBibliografia: p. 153-162. 600 14$aVico, Giambattista,$d1668-1744$xCritica e interpretazione.$0(OLS)http://pul/subject/527 650 4$aFilosofia occidentale moderna$zItalia.$0(OLS)http://pul/subject/38532 830 0$aPensatori (Carocci) ;$v41.$0(OLS)http://pul/title/151205 850 $aPUL 852 $aPUL$W1$xSL Filosofia 3$y81$m103 COLL 11.41$j178257$qDDC 21$B181475$CPULBib$Z2$F181475 $H128211 $81 941 1 $a9 996 $6020$a978-88-430-8474-6*$9(OLS)http://pul/number/161328 996 $6082$a103$9(OLS)http://pul/classification/621 996 $6245$aVico$9(OLS)http://pul/title/194841 996 $6260$aRoma :$bCarocci$9(OLS)http://pul/publisher/66917 LEADER 01225nam a2200289 a 4500 001 000000144110 003 CaOOAMICUS 005 20150615135316.0 008 150615s2002 it u000 u ita r 020 $z8815090053* 040 $aPUL$bita 245 00$aFine della cristianità? :$bIl cristianesimo tra religione civile e testimonianza evangelica /$ca cura di Gianfranco Bottoni. 260 $aBologna :$bIl Mulino,$c©2002. 300 $a201 p. ;$c22 cm 490 1 $aPercorsi 504 $aBibliografia in nota. 650 4$aCristianesimo$xStudi.$0(OLS)http://pul/subject/5622 700 1 $aBottoni, Gianfranco.$0(OLS)http://pul/name/80762 830 0$aPercorsi (Il Mulino).$0(OLS)http://pul/title/97174 850 $aPUL 852 $aPUL$W1$xDP1 Fondo S. Lanza$y121$m3 C 32$j13967$qFondi$B166711$CPULBib$Z2$F166711 $HLan916 $82 941 1 $a1 961 $aNota ms. di possesso: Sergio Lanza 996 $6020$z8815090053*$9(OLS)http://pul/number/157923 996 $6245$aFine della cristianità? :$bIl cristianesimo tra religione civile e testimonianza evangelica$9(OLS)http://pul/title/182314 996 $6260$aBologna :$bIl Mulino$9(OLS)http://pul/publisher/47928